000 00621cam a22002172a 4500
001 022063
003 AR-FADEU
008 311216n2011####xxu####################dd
020 _a978-987-27016-0-4
092 _a323.4
_bV328
100 _aVassallo, Marta
245 _aGrietas en el silencio : una investigación sobre la violencia sexual en el marco del terrorismo de Estado
260 _aRosario
260 _bCLADEM
260 _bINSGENAR
260 _c2011
300 _a308 p
700 _aAnalá, Aucía
650 _aDERECHOS HUMANOS-ARGENTINA; VIOLENCIA SEXUAL; TERRORISMO DE ESTADO
942 _cBDGR
999 _c27769
_d27769